[Event "First Saturday FM-A Feb 2014"]
[Site "Budapest"]
[Date "2014.02.06"]
[Round "6.3"]
[White "Gal, Hanna Krisztina"]
[Black "Skytte, Torill"]
[Result "1/2-1/2"]
[WhiteElo "2104"]
[BlackElo "1971"]
[PlyCount "39"]
[EventDate "2014.02.01"]

1. e4 e6 2. d4 d5 3. Nc3 Nf6 4. e5 Nfd7 5. f4 c5 6. Nf3 Nc6 7. Be3 Qb6 8. Na4
Qa5+ 9. c3 cxd4 10. b4 Nxb4 11. cxb4 Bxb4+ 12. Bd2 Bxd2+ 13. Nxd2 O-O 14. Bd3
b5 15. Nb2 Nb6 16. O-O Nc4 17. Bxc4 dxc4 18. Nf3 d3 19. Kh1 Qa3 20. Qc1 1/2-1/2

[Event "First Saturday FM-A Feb 2014"]
[Site "Budapest"]
[Date "2014.02.06"]
[Round "6.4"]
[White "Marcu, Simon"]
[Black "Drozdowski, Konrad"]
[Result "0-1"]
[WhiteElo "1907"]
[BlackElo "1953"]
[PlyCount "114"]
[EventDate "2014.02.01"]

1. d4 d5 2. c4 dxc4 3. e3 e6 4. Bxc4 a6 5. a4 Nf6 6. Nf3 c5 7. O-O Nc6 8. Nc3
Qc7 9. b3 cxd4 10. exd4 Bb4 11. Bb2 O-O 12. Qe2 Rd8 13. Rfd1 b6 14. d5 Bxc3 15.
dxc6 Bxb2 16. Rxd8+ Qxd8 17. Rd1 Qc7 18. Qxb2 b5 19. axb5 axb5 20. Bxb5 Nd5 21.
Qe5 Qxe5 22. Nxe5 f6 23. Nc4 Nc3 24. Nb6 Ra5 25. Nxc8 Nxd1 26. Ba4 Rc5 27. Kf1
Nb2 28. Bb5 Rxb5 29. Ne7+ Kf7 30. c7 Rc5 31. c8=Q Rxc8 32. Nxc8 Nd3 33. Nb6 Ke7
34. Nc4 e5 35. g3 Ke6 36. Nd2 Kd5 37. Ke2 Kd4 38. h4 g6 39. g4 e4 40. h5 gxh5
41. gxh5 Nf4+ 42. Kd1 Nxh5 43. b4 f5 44. b5 Kc5 45. Ke2 Nf4+ 46. Ke3 Nd5+ 47.
Ke2 Kxb5 48. Nf1 f4 49. Nh2 h5 50. f3 e3 51. Kd3 Kc5 52. Nf1 Nb4+ 53. Ke2 Kd4
54. Nh2 Nd5 55. Nf1 Nc3+ 56. Ke1 Kd3 57. Nh2 Nb5 0-1

[Event "First Saturday FM-A Feb 2014"]
[Site "Budapest"]
[Date "2014.02.06"]
[Round "6.5"]
[White "Berta, Sandor"]
[Black "Bodrogi, Mihaly"]
[Result "1/2-1/2"]
[WhiteElo "1967"]
[BlackElo "2094"]
[PlyCount "106"]
[EventDate "2014.02.01"]

1. e4 c5 2. Nf3 Nc6 3. d4 cxd4 4. Nxd4 g6 5. c4 Bg7 6. Be3 Qb6 7. Nb5 Qa5+ 8.
Bd2 Qd8 9. N1c3 a6 10. Na3 Nf6 11. Nc2 d6 12. Be2 O-O 13. O-O Be6 14. Rc1 Rc8
15. b3 Nd7 16. f4 f5 17. exf5 Bxf5 18. Ne3 Nd4 19. Nxf5 Nxf5 20. Kh1 Nd4 21.
Bg4 Nf5 22. Qf3 Rb8 23. Rce1 Kh8 24. Bxf5 gxf5 25. Qd5 Nc5 26. b4 Nd7 27. Qe6
Nb6 28. Rc1 Rf6 29. Qe2 e6 30. Rfd1 Qe7 31. c5 dxc5 32. bxc5 Nd7 33. Nd5 Qf7
34. Nxf6 Nxf6 35. Qe5 Rg8 36. Qe2 Ne4 37. Be1 Qc7 38. Qe3 Bf6 39. Rc4 Qc6 40.
Rxe4 fxe4 41. Rd6 Qb5 42. Rxe6 Qf1+ 43. Qg1 Qxf4 44. Bf2 Rd8 45. Be3 Qf5 46.
Rb6 Qe5 47. Rxb7 Qd5 48. Rb1 Qxa2 49. Rc1 Qd5 50. c6 Rc8 51. c7 Qd6 52. Qf1 Kg7
53. Qc4 Qd3 1/2-1/2

[Event "First Saturday FM-A Feb 2014"]
[Site "Budapest"]
[Date "2014.02.07"]
[Round "7.1"]
[White "Drozdowski, Konrad"]
[Black "Berta, Sandor"]
[Result "0-1"]
[WhiteElo "1953"]
[BlackElo "1967"]
[PlyCount "116"]
[EventDate "2014.02.01"]

1. e4 c5 2. Nf3 Nc6 3. d4 cxd4 4. Nxd4 Nf6 5. Nc3 e5 6. Ndb5 d6 7. a4 a6 8. Na3
Be6 9. Bc4 Rc8 10. O-O Be7 11. Bg5 Nb4 12. Bxf6 Bxf6 13. Bd5 Nxd5 14. Nxd5 Bg5
15. c3 O-O 16. Qb3 Qd7 17. Rad1 Qc6 18. Rd3 Kh8 19. Qd1 Rcd8 20. Re1 f5 21. Nb4
Qc5 22. exf5 Rxf5 23. Rf3 Rdf8 24. Rxf5 Rxf5 25. Nd3 Qc7 26. Qe2 Qf7 27. f3 Bh4
28. Rf1 Bd8 29. Nc2 Bb6+ 30. Kh1 Rh5 31. Ne3 Qf6 32. g3 Qg6 33. g4 Rh4 34. Ng2
Rh6 35. Nf2 Qf7 36. Ne4 Bc4 37. Qd1 Bxf1 38. Qxf1 d5 39. Ng3 Rf6 40. Nh4 e4 41.
Kg2 g6 42. Qd1 Rf4 43. fxe4 dxe4 44. Qd6 Bc7 45. Qd4+ Kg8 46. h3 Qe6 47. Qe3
Qe5 48. Qd4 Qxd4 49. cxd4 Bd8 50. Ne2 Rf7 51. Kg3 Bxh4+ 52. Kxh4 Rf3 53. d5 Kf7
54. d6 e3 55. g5 Rf2 56. Nc3 e2 57. d7 e1=Q 58. d8=N+ Ke8 0-1

[Event "First Saturday FM-A Feb 2014"]
[Site "Budapest"]
[Date "2014.02.07"]
[Round "7.2"]
[White "Skytte, Torill"]
[Black "Marcu, Simon"]
[Result "1/2-1/2"]
[WhiteElo "1971"]
[BlackElo "1907"]
[PlyCount "33"]
[EventDate "2014.02.01"]

1. d4 d5 2. Bf4 e6 3. e3 Bd6 4. Bg3 Bxg3 5. hxg3 Nf6 6. Bd3 c5 7. c3 c4 8. Bc2
Nc6 9. g4 g6 10. g5 Nh5 11. g4 Ng7 12. f4 f5 13. gxf6 Qxf6 14. Rh6 Qf8 15. Qf3
Nf5 16. Rh2 Nfe7 17. Nd2 1/2-1/2

[Event "First Saturday FM-A Feb 2014"]
[Site "Budapest"]
[Date "2014.02.07"]
[Round "7.3"]
[White "Juracsik, Jozsef"]
[Black "Gal, Hanna Krisztina"]
[Result "1/2-1/2"]
[WhiteElo "2136"]
[BlackElo "2104"]
[PlyCount "109"]
[EventDate "2014.02.01"]

1. e4 c5 2. Nf3 e6 3. d4 cxd4 4. Nxd4 a6 5. Nc3 b5 6. g3 Bb7 7. Bg2 Qc7 8. O-O
Nf6 9. Re1 d6 10. Bg5 Nbd7 11. Nd5 Nxd5 12. exd5 e5 13. a4 bxa4 14. Rxa4 Nb6
15. Rb4 h6 16. Be3 Nc4 17. Ne6 Qc8 18. Bh3 Nxe3 19. Rxe3 fxe6 20. Bxe6 Qc7 21.
Qh5+ Kd8 22. Rc3 Qe7 23. Qe2 g5 24. Qe3 Rh7 25. Qb6+ Ke8 26. Rbc4 Qd8 27. Rc7
Rb8 28. Qa5 Rxc7 29. Rxc7 Be7 30. Qa4+ Kf8 31. Rd7 Qe8 32. Qe4 Kg7 33. h4 Bc8
34. Ra7 Bxe6 35. dxe6 Kf6 36. hxg5+ hxg5 37. Qf3+ Kxe6 38. Qg4+ Kf6 39. Qf3+
Kg7 40. Qf5 Qf7 41. Qd7 Kf6 42. b3 Qe6 43. Qc6 d5 44. Qa4 Rb6 45. Qe8 e4 46.
Qh8+ Kg6 47. Qe8+ Qf7 48. Qxe7 Qxe7 49. Rxe7 Kf6 50. Rc7 Ke5 51. Kf1 a5 52. Ke2
Ra6 53. Rg7 Kf6 54. Rd7 Ke6 55. Rg7 1/2-1/2

[Event "First Saturday FM-A Feb 2014"]
[Site "Budapest"]
[Date "2014.02.07"]
[Round "7.4"]
[White "Borda, Lajos"]
[Black "Terbe, Zsuzsanna"]
[Result "0-1"]
[WhiteElo "2130"]
[BlackElo "2029"]
[PlyCount "92"]
[EventDate "2014.02.01"]

1. e4 c5 2. Nf3 Nc6 3. Bb5 Qc7 4. O-O a6 5. Bxc6 dxc6 6. d3 e5 7. a4 a5 8. Na3
Ne7 9. Nh4 Ng6 10. Nxg6 hxg6 11. f4 Be6 12. Nc4 Bxc4 13. dxc4 Bd6 14. f5 gxf5
15. Rxf5 g6 16. Rf6 Be7 17. Rf1 Qc8 18. Qe2 Qe6 19. Ra3 O-O-O 20. Raf3 Rdf8 21.
Bd2 b6 22. b3 f5 23. g3 Rh7 24. Bc3 Bd6 25. R3f2 Rhf7 26. Kg2 f4 27. gxf4 exf4
28. Qf3 g5 29. e5 Bc7 30. h3 Kb7 31. Qg4 Rf5 32. Re1 Re8 33. Qf3 Qg6 34. Rfe2
Re6 35. Kf1 Rf7 36. Rg2 Rh7 37. Qg4 Rh5 38. Bd2 Bd8 39. Kg1 Qf7 40. Rh2 Rh4 41.
Qf3 Bc7 42. Rg2 Qe7 43. Bc3 Reh6 44. Rh2 Qe6 45. Qg2 Rxh3 46. Rxh3 Rxh3 0-1

[Event "First Saturday FM-A Feb 2014"]
[Site "Budapest"]
[Date "2014.02.07"]
[Round "7.5"]
[White "Farkas, Richard"]
[Black "Grove, Michael"]
[Result "1-0"]
[WhiteElo "2143"]
[BlackElo "2091"]
[PlyCount "83"]
[EventDate "2014.02.01"]

1. e4 e5 2. Nf3 Nc6 3. Bb5 a6 4. Bxc6 dxc6 5. O-O Bg4 6. h3 Bh5 7. g4 Bg6 8.
Nxe5 Qh4 9. Qf3 f6 10. Nxg6 hxg6 11. Kg2 O-O-O 12. d3 g5 13. Nd2 Ne7 14. Rh1
Kb8 15. Nc4 Ng6 16. Be3 Bd6 17. Nxd6 cxd6 18. b4 Qh7 19. Kg1 Ka8 20. a4 Ne5 21.
Qe2 d5 22. f3 d4 23. Bf2 Ng6 24. Bg3 Rd7 25. Qd2 Qg8 26. b5 Qd8 27. bxc6 bxc6
28. Qb4 Nf4 29. Bxf4 gxf4 30. Qc4 Ka7 31. a5 Qc7 32. Qc5+ Ka8 33. Rb1 Rb8 34.
Rxb8+ Kxb8 35. Kf2 Qb7 36. Ra1 Qb2 37. Ra4 Qc1 38. Rb4+ Kc8 39. Qxc6+ Kd8 40.
Rb8+ Ke7 41. Qc5+ Rd6 42. Rb7+ 1-0

[Event "First Saturday FM-A Feb 2014"]
[Site "Budapest"]
[Date "2014.02.08"]
[Round "8.1"]
[White "Terbe, Zsuzsanna"]
[Black "Farkas, Richard"]
[Result "1/2-1/2"]
[WhiteElo "2029"]
[BlackElo "2143"]
[PlyCount "23"]
[EventDate "2014.02.01"]

1. Nf3 Nf6 2. d4 g6 3. Bf4 Bg7 4. e3 d6 5. Be2 c5 6. c3 b6 7. a4 O-O 8. O-O Bb7
9. h3 Nbd7 10. Na3 a6 11. Bh2 Qc7 12. Rc1 1/2-1/2

[Event "First Saturday FM-A Feb 2014"]
[Site "Budapest"]
[Date "2014.02.08"]
[Round "8.2"]
[White "Gal, Hanna Krisztina"]
[Black "Borda, Lajos"]
[Result "1/2-1/2"]
[WhiteElo "2104"]
[BlackElo "2130"]
[PlyCount "68"]
[EventDate "2014.02.01"]

1. e4 c5 2. Nf3 d6 3. d4 cxd4 4. Nxd4 Nf6 5. Nc3 a6 6. Bg5 e6 7. f4 Qb6 8. Qd2
Qxb2 9. Rb1 Qa3 10. f5 Nc6 11. fxe6 fxe6 12. Nxc6 bxc6 13. e5 dxe5 14. Bxf6
gxf6 15. Ne4 Qxa2 16. Rd1 Be7 17. Be2 O-O 18. O-O Ra7 19. Rf3 Kh8 20. Rg3 Rd7
21. Qh6 Rf7 22. Qh5 Rxd1+ 23. Bxd1 Qa5 24. Kf1 Qd8 25. Qxf7 Qxd1+ 26. Kf2 Qxc2+
27. Kf3 Qd1+ 28. Kf2 Qc2+ 29. Ke3 Bc5+ 30. Nxc5 Qxc5+ 31. Kd2 Qf2+ 32. Kd1 Qf1+
33. Kc2 Qe2+ 34. Kb3 Qb5+ 1/2-1/2

[Event "First Saturday FM-A Feb 2014"]
[Site "Budapest"]
[Date "2014.02.08"]
[Round "8.3"]
[White "Marcu, Simon"]
[Black "Juracsik, Jozsef"]
[Result "0-1"]
[WhiteElo "1907"]
[BlackElo "2136"]
[PlyCount "62"]
[EventDate "2014.02.01"]

1. d4 Nf6 2. c4 g6 3. Nc3 Bg7 4. e4 d6 5. f3 O-O 6. Be3 Nbd7 7. Bd3 e5 8. d5
Nh5 9. Nge2 f5 10. Qd2 Nc5 11. O-O-O Nxd3+ 12. Qxd3 a6 13. Qd2 b5 14. c5 Nf6
15. Qd3 b4 16. Nb1 a5 17. exf5 Ba6 18. Qc2 gxf5 19. Rhe1 Kh8 20. c6 Qb8 21. a4
bxa3 22. Nxa3 Qb4 23. h4 Nxd5 24. Bd2 Qb6 25. Ng3 Nb4 26. Bxb4 axb4 27. Nb1
Bh6+ 28. Nd2 b3 29. Qc3 Bd3 30. Qxd3 Ra1+ 31. Qb1 Qxc6# 0-1

[Event "First Saturday FM-A Feb 2014"]
[Site "Budapest"]
[Date "2014.02.08"]
[Round "8.4"]
[White "Berta, Sandor"]
[Black "Skytte, Torill"]
[Result "1/2-1/2"]
[WhiteElo "1967"]
[BlackElo "1971"]
[PlyCount "32"]
[EventDate "2014.02.01"]

1. g3 d5 2. Bg2 Nf6 3. d3 c5 4. Nf3 Nc6 5. O-O Bf5 6. Nbd2 e6 7. b3 Be7 8. Bb2
h6 9. Re1 O-O 10. e4 Bh7 11. e5 Nd7 12. Qe2 Nb4 13. Rec1 Rb8 14. a3 Nc6 15. h4
b5 16. Nf1 Qc7 1/2-1/2

[Event "First Saturday FM-A Feb 2014"]
[Site "Budapest"]
[Date "2014.02.08"]
[Round "8.5"]
[White "Bodrogi, Mihaly"]
[Black "Drozdowski, Konrad"]
[Result "1/2-1/2"]
[WhiteElo "2094"]
[BlackElo "1953"]
[PlyCount "45"]
[EventDate "2014.02.01"]

1. d4 d5 2. Nc3 Nf6 3. Bf4 c6 4. e3 Bf5 5. Bd3 Bg6 6. Nf3 e6 7. Ne5 Bd6 8. Bg3
O-O 9. O-O Qe7 10. Nxg6 hxg6 11. Ne2 Nbd7 12. c4 dxc4 13. Bxc4 Rfd8 14. Rc1 Nb6
15. Bb3 Rac8 16. Qc2 Bxg3 17. hxg3 Nbd5 18. a3 e5 19. Bxd5 Nxd5 20. Rfd1 exd4
21. Nxd4 Nf6 22. Nf3 Rxd1+ 23. Rxd1 1/2-1/2

[Event "First Saturday FM-A Feb 2014"]
[Site "Budapest"]
[Date "2014.02.09"]
[Round "9.2"]
[White "Juracsik, Jozsef"]
[Black "Berta, Sandor"]
[Result "1/2-1/2"]
[WhiteElo "2136"]
[BlackElo "1967"]
[PlyCount "59"]
[EventDate "2014.02.01"]

1. e4 c5 2. Nf3 Nc6 3. Bb5 Qc7 4. Nc3 a6 5. Bxc6 dxc6 6. h3 e5 7. d3 Ne7 8. O-O
Ng6 9. Ne2 Bd6 10. Ng3 f6 11. Nf5 Bxf5 12. exf5 Ne7 13. Nh4 O-O-O 14. Qg4 Nd5
15. a3 Rdg8 16. Bd2 Kb8 17. b4 g5 18. fxg6 hxg6 19. Nf3 f5 20. Qc4 cxb4 21.
axb4 g5 22. b5 axb5 23. Qa2 Kc8 24. c4 g4 25. Ng5 Nf4 26. Bxf4 exf4 27. c5 Rxg5
28. cxd6 Qxd6 29. Qa8+ Qb8 30. Qa2 1/2-1/2

[Event "First Saturday FM-A Feb 2014"]
[Site "Budapest"]
[Date "2014.02.09"]
[Round "9.3"]
[White "Borda, Lajos"]
[Black "Marcu, Simon"]
[Result "1-0"]
[WhiteElo "2130"]
[BlackElo "1907"]
[PlyCount "107"]
[EventDate "2014.02.01"]

1. e4 c6 2. d4 d5 3. f3 e6 4. g3 c5 5. c3 Nc6 6. Be3 cxd4 7. cxd4 Bb4+ 8. Kf2
Nf6 9. a3 Be7 10. e5 Nd7 11. Nc3 f5 12. Nge2 Nf8 13. h4 g6 14. b4 Bd7 15. Nf4
a6 16. Be2 Rc8 17. Qb3 Na7 18. Na4 Bxa4 19. Qxa4+ Kf7 20. Rac1 Nd7 21. Rxc8
Nxc8 22. Rc1 Ncb6 23. Qb3 Qb8 24. a4 Rc8 25. a5 Rxc1 26. Bxc1 Qc8 27. Bd2 Nc4
28. Qc3 b5 29. Nd3 Qb8 30. Bg5 Bf8 31. Bf4 Qa7 32. Nc5 Bxc5 33. dxc5 Qc7 34.
Bxc4 bxc4 35. g4 Kg7 36. gxf5 gxf5 37. Qe1 Qd8 38. Bg5 Qe8 39. c6 Nf8 40. Qe3
Qxc6 41. Be7 Qe8 42. Qg5+ Ng6 43. Bf6+ Kf7 44. h5 Qa4 45. hxg6+ hxg6 46. Be7
Qc2+ 47. Kg3 Ke8 48. Bd6 f4+ 49. Qxf4 Qf5 50. Qh4 g5 51. Qh8+ Kd7 52. Qg7+ Kc6
53. Qc7+ Kb5 54. Qd7# 1-0

[Event "First Saturday FM-A Feb 2014"]
[Site "Budapest"]
[Date "2014.02.09"]
[Round "9.4"]
[White "Farkas, Richard"]
[Black "Gal, Hanna Krisztina"]
[Result "1-0"]
[WhiteElo "2143"]
[BlackElo "2104"]
[PlyCount "63"]
[EventDate "2014.02.01"]

1. e4 c5 2. Nf3 e6 3. d4 cxd4 4. Nxd4 a6 5. Bd3 Nf6 6. Qe2 d6 7. Nc3 b5 8. Bd2
Bb7 9. O-O Nbd7 10. b4 Qb6 11. Nb3 Ne5 12. Na5 Rc8 13. a4 Nxd3 14. Qxd3 Rxc3
15. Qxc3 Nxe4 16. Qe3 Qxe3 17. Bxe3 Bd5 18. axb5 axb5 19. f3 Nf6 20. Rfc1 Be7
21. c4 bxc4 22. Nxc4 O-O 23. b5 Bxc4 24. Rxc4 d5 25. Rc6 h6 26. b6 Rb8 27. Ra7
Bf8 28. b7 e5 29. Rc8 Nd7 30. Rxb8 Nxb8 31. Ra8 Bd6 32. Ba7 1-0

[Event "First Saturday FM-A Feb 2014"]
[Site "Budapest"]
[Date "2014.02.09"]
[Round "9.5"]
[White "Grove, Michael"]
[Black "Terbe, Zsuzsanna"]
[Result "1-0"]
[WhiteElo "2091"]
[BlackElo "2029"]
[PlyCount "55"]
[EventDate "2014.02.01"]

1. e4 c5 2. Nc3 Nc6 3. Bb5 Nd4 4. Bc4 g6 5. Nf3 Bg7 6. O-O e6 7. Nxd4 cxd4 8.
Nb5 Qb6 9. c3 e5 10. Qf3 Nh6 11. d3 O-O 12. cxd4 exd4 13. Bf4 d5 14. exd5 Bd7
15. Bc7 Qf6 16. Qxf6 Bxf6 17. Rfe1 a6 18. Nd6 b5 19. Bb3 Nf5 20. Ne4 Bg7 21.
Nc5 Rfc8 22. Bb6 Be8 23. Ne4 a5 24. a4 Ra6 25. Bc5 Bf8 26. d6 Nxd6 27. Nf6+ Kg7
28. Bxd6 1-0

[Event "First Saturday FM-A Feb 2014"]
[Site "Budapest"]
[Date "2014.02.10"]
[Round "10.1"]
[White "Gal, Hanna Krisztina"]
[Black "Grove, Michael"]
[Result "1-0"]
[WhiteElo "2104"]
[BlackElo "2091"]
[PlyCount "81"]
[EventDate "2014.02.01"]

1. e4 e6 2. d4 c5 3. Nf3 b6 4. c4 d6 5. Nc3 Nf6 6. dxc5 bxc5 7. e5 dxe5 8.
Qxd8+ Kxd8 9. Nxe5 Ke8 10. Nb5 Na6 11. Be3 Nd7 12. Nc6 Bb7 13. Na5 Be4 14. f3
Bg6 15. a3 Be7 16. O-O-O Bf6 17. Bd3 Nb6 18. Bxg6 hxg6 19. b3 Kf8 20. Kc2 Kg8
21. Bf4 g5 22. Bd6 Kh7 23. Nc6 Nc8 24. Be5 Kg6 25. Bxf6 gxf6 26. Rd7 Nb8 27.
Nxb8 Rxb8 28. Nxa7 f5 29. Nb5 Nb6 30. Rc7 Nd5 31. cxd5 Rxb5 32. dxe6 fxe6 33.
Re1 Rb6 34. h3 Kh5 35. Rxc5 Kh4 36. Re2 Ra8 37. Kb2 Kg3 38. Rc3 f4 39. Rc5 Kh4
40. Rce5 Kg3 41. Rxg5+ 1-0

[Event "First Saturday FM-A Feb 2014"]
[Site "Budapest"]
[Date "2014.02.10"]
[Round "10.2"]
[White "Marcu, Simon"]
[Black "Farkas, Richard"]
[Result "0-1"]
[WhiteElo "1907"]
[BlackElo "2143"]
[PlyCount "58"]
[EventDate "2014.02.01"]

1. d4 Nf6 2. c4 g6 3. Nc3 d5 4. e3 Bg7 5. Nf3 O-O 6. Bd2 c5 7. dxc5 dxc4 8.
Bxc4 Qc7 9. h3 Qxc5 10. Qe2 Nc6 11. O-O Qh5 12. e4 e5 13. Nd5 Nxd5 14. exd5 Nb8
15. Rfe1 Nd7 16. Bc3 f6 17. a4 Rd8 18. a5 Bf8 19. b4 Bd6 20. Qb2 Nf8 21. Nd2
Bf5 22. g4 Qxh3 23. gxf5 e4 24. Nxe4 Bh2+ 25. Kh1 Bf4+ 26. Kg1 Qh2+ 27. Kf1
Qh1+ 28. Ke2 Qxe4+ 29. Kd1 Qxc4 0-1

[Event "First Saturday FM-A Feb 2014"]
[Site "Budapest"]
[Date "2014.02.10"]
[Round "10.3"]
[White "Berta, Sandor"]
[Black "Borda, Lajos"]
[Result "1-0"]
[WhiteElo "1967"]
[BlackElo "2130"]
[PlyCount "110"]
[EventDate "2014.02.01"]

1. e4 Nc6 2. d4 d5 3. e5 Bf5 4. c3 e6 5. Bd3 Bxd3 6. Qxd3 Qd7 7. Ne2 f5 8. Nd2
Nh6 9. Nf3 Nf7 10. Bd2 Be7 11. h4 O-O-O 12. O-O-O Rdg8 13. Kb1 Kb8 14. Rdg1 Nh6
15. Bxh6 gxh6 16. Nf4 Rg4 17. g3 a6 18. Rc1 Na5 19. b3 b5 20. Ka1 Ka7 21. Qd2
Ba3 22. Rc2 Qe7 23. Nh5 Rg6 24. Nf6 Rc8 25. h5 Rg7 26. Qxh6 c5 27. dxc5 Bxc5
28. Rh4 Bb6 29. Nd4 Bxd4 30. Rxd4 Nc6 31. Rdd2 Kb7 32. Qe3 Qa3 33. Re2 Na5 34.
Kb1 Rgc7 35. Qc1 Qe7 36. Kb2 Nc6 37. f4 b4 38. c4 Nd4 39. Red2 Nxc2 40. Rxc2
Qc5 41. Qd2 Qa5 42. Qd4 h6 43. g4 dxc4 44. bxc4 Qa3+ 45. Kb1 fxg4 46. Ne4 Ka8
47. Nd6 Rb8 48. Qe4+ Ka7 49. Qd4+ Rb6 50. Rb2 Qa5 51. Rg2 b3 52. axb3 Kb8 53.
Kb2 Qb4 54. Qd3 Qc5 55. Rxg4 Qg1 1-0

[Event "First Saturday FM-A Feb 2014"]
[Site "Budapest"]
[Date "2014.02.10"]
[Round "10.4"]
[White "Bodrogi, Mihaly"]
[Black "Juracsik, Jozsef"]
[Result "1/2-1/2"]
[WhiteElo "2094"]
[BlackElo "2136"]
[PlyCount "38"]
[EventDate "2014.02.01"]

1. e4 Nf6 2. Qe2 e5 3. f4 exf4 4. e5 Nd5 5. Qe4 Ne7 6. d4 Ng6 7. Nf3 Be7 8.
Bxf4 Nxf4 9. Qxf4 O-O 10. Bd3 d6 11. O-O Nc6 12. a3 f5 13. h4 Kh8 14. Nc3 d5
15. Ne2 Be6 16. Qg3 g6 17. Nf4 Qd7 18. Rad1 Nd8 19. c3 Nf7 1/2-1/2

[Event "First Saturday FM-A Feb 2014"]
[Site "Budapest"]
[Date "2014.02.11"]
[Round "11.1"]
[White "Juracsik, Jozsef"]
[Black "Drozdowski, Konrad"]
[Result "1-0"]
[WhiteElo "2136"]
[BlackElo "1953"]
[PlyCount "129"]
[EventDate "2014.02.01"]

1. e4 c5 2. Nf3 e6 3. d4 cxd4 4. Nxd4 Nf6 5. Nc3 d6 6. Be2 a6 7. O-O Qc7 8. a4
b6 9. f4 Nbd7 10. Bf3 Bb7 11. Qe2 Rc8 12. Be3 Be7 13. Rae1 O-O 14. Bf2 Nc5 15.
e5 Bxf3 16. Qxf3 Nfd7 17. Qg3 Rfd8 18. Nf5 exf5 19. Nd5 Ne4 20. Rxe4 fxe4 21.
Nxc7 Rxc7 22. c3 dxe5 23. fxe5 Rc6 24. Bd4 Re6 25. Qf4 Rf8 26. Qxe4 Bf6 27. Qb7
Nxe5 28. Qxa6 Rfe8 29. Qb5 h6 30. h3 Bg5 31. Kh2 Ng6 32. g3 Bd2 33. Qd7 R6e7
34. Qd5 Be1 35. Bf2 Bxf2 36. Rxf2 Ne5 37. Kg2 Nd7 38. b4 Nf6 39. Qd4 Re3 40.
Rxf6 gxf6 41. Kf2 R3e5 42. g4 R8e6 43. Qd2 Kg7 44. Qd4 Kg8 45. Kf3 f5 46. c4
Re4 47. Qd3 fxg4+ 48. hxg4 R4e5 49. c5 bxc5 50. b5 Rf6+ 51. Kg3 h5 52. b6 Re8
53. a5 hxg4 54. b7 Rb8 55. a6 Rb6 56. Qd7 Kg7 57. Qc7 Rb3+ 58. Kxg4 Re8 59. a7
Rb4+ 60. Kf5 Re6 61. Qg3+ Rg6 62. Qe5+ f6 63. Qe7+ Kh6 64. Qf8+ Kh7 65. Qf7+
1-0

[Event "First Saturday FM-A Feb 2014"]
[Site "Budapest"]
[Date "2014.02.11"]
[Round "11.3"]
[White "Farkas, Richard"]
[Black "Berta, Sandor"]
[Result "1-0"]
[WhiteElo "2143"]
[BlackElo "1967"]
[PlyCount "63"]
[EventDate "2014.02.01"]

1. e4 c5 2. Nf3 Nc6 3. d4 cxd4 4. Nxd4 Nf6 5. Nc3 e5 6. Ndb5 d6 7. Bg5 a6 8.
Na3 Be6 9. Nc4 Rc8 10. Ne3 Be7 11. Bxf6 Bxf6 12. Ncd5 Bg5 13. c3 O-O 14. Be2 g6
15. O-O Kh8 16. a4 f5 17. Bf3 Rf7 18. Qd3 Qf8 19. b4 Bh4 20. Rad1 Rd8 21. Rd2
Ne7 22. Nxe7 Qxe7 23. Nd5 Qf8 24. c4 f4 25. a5 Bg5 26. Rb2 Bh6 27. Rd1 g5 28.
Qe2 g4 29. Bxg4 Qg7 30. Bxe6 f3 31. Qf1 fxg2 32. Qxg2 1-0

[Event "First Saturday FM-A Feb 2014"]
[Site "Budapest"]
[Date "2014.02.11"]
[Round "11.4"]
[White "Grove, Michael"]
[Black "Marcu, Simon"]
[Result "1-0"]
[WhiteElo "2091"]
[BlackElo "1907"]
[PlyCount "77"]
[EventDate "2014.02.01"]

1. e4 c6 2. d4 Qc7 3. Nc3 b6 4. g3 Bb7 5. Bg2 d6 6. Nf3 Ba6 7. Ne2 Nd7 8. O-O
e5 9. Re1 g6 10. Nc3 Bg7 11. d5 c5 12. a4 Ne7 13. Nb5 Qb8 14. c4 Bb7 15. Bg5 a6
16. Nc3 f6 17. Bd2 g5 18. Bh3 h6 19. a5 bxa5 20. Qa4 Bc8 21. Qxa5 O-O 22. Be6+
Kh8 23. Na4 Ra7 24. b4 Rc7 25. Bxd7 Rxd7 26. bxc5 dxc5 27. Nxc5 Ra7 28. Rab1
Qa8 29. Bc3 Bg4 30. Nd2 Rb8 31. Nd3 Kh7 32. Rb4 Nc8 33. Reb1 Rab7 34. c5 Be2
35. c6 Rxb4 36. Nxb4 Rb5 37. Qc7 a5 38. Ra1 g4 39. d6 1-0

[Event "First Saturday FM-A Feb 2014"]
[Site "Budapest"]
[Date "2014.02.11"]
[Round "11.5"]
[White "Terbe, Zsuzsanna"]
[Black "Gal, Hanna Krisztina"]
[Result "1/2-1/2"]
[WhiteElo "2029"]
[BlackElo "2104"]
[PlyCount "32"]
[EventDate "2014.02.01"]

1. e4 c5 2. Nf3 e6 3. d3 Nc6 4. g3 d5 5. Nbd2 Nf6 6. Bg2 Be7 7. O-O dxe4 8.
dxe4 Qc7 9. Re1 e5 10. a4 O-O 11. c3 h6 12. Qc2 Be6 13. b3 b6 14. Bf1 Nd7 15.
Bc4 Bg4 16. Kg2 Rad8 1/2-1/2